书目信息 |
| 题名: |
印度革命活动家提拉克
|
|
| 作者: | 彭树智 著 | |
| 分册: | ||
| 出版信息: | 北京 商务印书馆 1982 |
|
| 页数: | 53页 | |
| 开本: | 19cm | |
| 丛书名: | 外国历史小丛书 | |
| 单 册: | ||
| 中图分类: | K833.517.5 | |
| 科图分类: | ||
| 主题词: | ||
| 电子资源: | ||
| ISBN: | ||
| 000 | 00689nam2 2200253 45 | |
| 001 | 0182000737 | |
| 005 | 20060725104622.14 | |
| 010 | @dCNY0.19 | |
| 091 | @aCN@b11017.565 | |
| 100 | @a19950629d1982 em y0chiy0121 ea | |
| 101 | 0 | @achi |
| 102 | @aCN@b110000 | |
| 105 | @ay z 000yb | |
| 200 | 10 | @a印度革命活动家提拉克@Ayin du ge ming huo dong jia ti la ke@f彭树智著 |
| 210 | @a北京@c商务印书馆@d1982 | |
| 215 | @a53页@d19cm | |
| 225 | 2 | @a外国历史小丛书 |
| 410 | 0 | @120010@a外国历史小丛书 |
| 600 | 1 | @a提拉克@bB.G.@x传记 |
| 690 | @aK833.517.5@v3 | |
| 701 | 0 | @a彭树智@Apeng shu zhi@4著 |
| 801 | 2 | @aCN@bNLC@c20060725 |
| 801 | 0 | @aCN@bTSSF |
| 905 | @a10447@dK833.517.5@e449PS | |
| 印度革命活动家提拉克/彭树智著.-北京:商务印书馆,1982 |
| 53页;19cm.-(外国历史小丛书) |
| ISBN :CNY0.19 |
| ● |
| 相关链接 |
|
|
|
|
正题名:印度革命活动家提拉克
索取号:K833.517.5/449PS
 
预约/预借
| 序号 | 登录号 | 条形码 | 馆藏地/架位号 | 状态 | 备注 |
| 1 | 0436116 | 204361163 | 密集书库/ [索取号:K833.517.5/449PS] | 在馆 |